| 000 | 00821nam a2200241Ii 4500 | ||
|---|---|---|---|
| 003 | JO-AjNU | ||
| 005 | 20240114111354.0 | ||
| 008 | 230605s9999||||xx |||||||||||||| ||und|| | ||
| 017 | _a`2010/1/170 | ||
| 040 |
_aJO-AjNU _bara _erda _cJO-AjNU |
||
| 041 | _aara | ||
| 050 | 1 | 4 | _aRJ506.A9.Z37 2010 |
| 100 | 3 |
_aالزراع ، نايف بن عابد, _eauthor _931472 |
|
| 245 | 0 | 0 | _aالمدخل الى اضطراب التوحد : المفاهيم الاساسية وطرق التدخل |
| 250 | _aط2 | ||
| 264 | 3 | 1 | _aعمان:دار الفكر للنشر والتوزيع ، 2010 |
| 300 | _a320ص | ||
| 336 |
_atext _btxt _2rdacontent |
||
| 337 |
_aunmediated _bn _2rdamedia |
||
| 338 |
_avolume _bnc _2rdacarrier |
||
| 650 | 4 |
_aاضطرابات التوحد - الامراض العقلية _931473 |
|
| 942 |
_2lcc _cBK |
||
| 999 |
_c16160 _d16160 |
||